000 00492nam a2200157 i 4500
001 56551
003 ES-MaACL
007 t|
008 031010s1933 xxk ||||1| eng d
100 1 _aDill, Samuel.
_944811
245 1 0 _aRoman society in the last century of the western empire /
_cby Samuel Dill.
250 _a2nd ed., rev.
260 _aLondon :
_bMacmillan and CÂș,
_c1933 (
_eEdinburgh :
_fR. and R. Clark)
300 _aXVIII, 459 p. ;
_c23 cm.
852 _aES-MaACL
_jE-1766
_bR.22537
999 _c56551
_d56551